Länder mit der größten Baumwollproduktion - Statistiken

Allgemein
  • Dieses Quiz wurde 65 mal gespielt
  • Das Durchschnittsergebnis liegt bei 20 aus 30
Antwortstatistiken
Platz Land Produktion in Tonnen Produktion pro Kopf in Kg % Korrekt
2. China 6.178.318 4,43
96%
1. Indien 6.188.000 4,63
95%
11. Mexiko 302.000 2,42
93%
3. Vereinigte Staaten 3.593.000 10,96
93%
5. Brasilien 1.412.227 6,74
91%
9. Argentinien 327.000 7,35
87%
4. Pakistan 2.374.481 11,76
85%
27. Iran 65.000 0,8
82%
18. Ägypten 113.000 1,16
80%
8. Türkei 846.000 10,47
78%
7. Australien 885.100 35,33
76%
19. Nigeria 105.000 0,53
75%
22. Kasachstan 92.500 5,06
73%
23. Kamerun 81.000 3,4
67%
30. Tschad 48.000 3,13
65%
13. Mali 232.748 12,18
64%
6. Usbekistan 1.106.700 33,89
64%
15. Myanmar 168.000 3,12
62%
21. Sudan 95.000 2,33
62%
23. Tansania 81.000 1,49
62%
14. Turkmenistan 195.000 33,33
60%
16. Elfenbeinküste 132.000 5,3
58%
17. Tadschikistan 123.000 13,77
56%
26. Spanien 74.119 1,61
51%
10. Griechenland 308.000 28,6
49%
28. Syrien 55.800 3,05
47%
12. Burkina Faso 265.500 13,12
38%
25. Simbabwe 75.000 5,05
38%
29. Malawi 53.800 3
29%
20. Benin 102.600 9
22%
Keine übereinstimmenden Quizze gefunden
Verteilung der Resultate
Anzahl Personen mit jedem Resultat
Perzentil nach korrekt beantworteten Fragen
Ihre Resultats-Entwicklung
Sie haben dieses Quiz noch nicht gespielt